| Tag |
First Indicator |
Second Indicator |
Subfields |
| LEADER |
00000cas a2200000 i 4500 |
| 001 |
in00003606213 |
| 005 |
20191021074438.0 |
| 006 |
m o d |
| 007 |
cr ||||||||||| |
| 008 |
151208c19uu9999enkar oo 1 0eng |
| 010 |
|
|
|a 2017208145
|
| 022 |
|
|
|a 2049-1255
|2 6
|
| 029 |
1 |
|
|a CHDSB
|b 006514138
|
| 029 |
1 |
|
|a CHVBK
|b 363261737
|
| 029 |
1 |
|
|a AU@
|b 000052354998
|
| 035 |
|
|
|a (OCoLC)ocn904340424
|
| 035 |
|
|
|a (OCoLC)904340424
|
| 040 |
|
|
|a OSU
|b eng
|c OSU
|d OCLCO
|d DEFHM
|d OCLCQ
|d DLC
|d OCLCA
|d DLC
|d OCLCF
|d OCLCO
|d AU@
|d VT2
|d OCL
|d TXA
|d UtOrBLW
|
| 042 |
|
|
|a pcc
|
| 049 |
|
|
|a TXAM
|
| 050 |
0 |
0 |
|a GV1583
|b .C664 Electronic
|
| 110 |
2 |
|
|a Congress on Research in Dance.
|b Conference.
|0 http://id.loc.gov/authorities/names/n87840297
|
| 245 |
1 |
0 |
|a Congress on Research in Dance ... conference proceedings.
|
| 246 |
1 |
|
|a Proceedings of the ... annual meeting
|
| 246 |
1 |
|
|a CORD Proceedings
|
| 246 |
1 |
|
|a CORD ... annual conference
|
| 246 |
1 |
|
|a Proceedings of the Congress on Research in Dance
|
| 246 |
1 |
|
|a CORD conference proceedings
|
| 264 |
|
1 |
|a Cambridge, England :
|b Cambridge University Press
|
| 300 |
|
|
|a 1 online resource
|
| 310 |
|
|
|a Annual
|
| 336 |
|
|
|a text
|b txt
|2 rdacontent
|
| 337 |
|
|
|a computer
|b c
|2 rdamedia
|
| 338 |
|
|
|a online resource
|b cr
|2 rdacarrier
|
| 515 |
|
|
|a Volume number dropped after 2009.
|
| 588 |
|
|
|a Description based on: Volume 39 (2007); title from PDF file (Cambridge Core, viewed September 22, 2017).
|
| 588 |
|
|
|a Latest issue consulted: Volume 2016 (Cambridge Core, viewed September 22, 2017).
|
| 500 |
|
|
|a Electronic resource.
|
| 610 |
2 |
0 |
|a Congress on Research in Dance
|v Congresses.
|
| 610 |
2 |
7 |
|a Congress on Research in Dance.
|2 fast
|0 (OCoLC)fst00529421
|
| 650 |
|
0 |
|a Dance
|x Research
|v Congresses.
|
| 650 |
|
0 |
|a Dance
|x History and criticism
|v Congresses.
|
| 650 |
|
0 |
|a Dance
|x Social aspects
|v Congresses.
|
| 650 |
|
0 |
|a Dance
|x Anthropological aspects
|v Congresses.
|
| 650 |
|
0 |
|a Dance
|x Political aspects
|v Congresses.
|
| 650 |
|
0 |
|a Dance criticism
|v Congresses.
|
| 650 |
|
0 |
|a Dance
|x Study and teaching
|v Congresses.
|
| 650 |
|
7 |
|a Dance.
|2 fast
|0 (OCoLC)fst00887402
|
| 650 |
|
7 |
|a Dance
|x Anthropological aspects.
|2 fast
|0 (OCoLC)fst00887405
|
| 650 |
|
7 |
|a Dance criticism.
|2 fast
|0 (OCoLC)fst00887504
|
| 650 |
|
7 |
|a Dance
|x Political aspects.
|2 fast
|0 (OCoLC)fst00887439
|
| 650 |
|
7 |
|a Dance
|x Research.
|2 fast
|0 (OCoLC)fst00887461
|
| 650 |
|
7 |
|a Dance
|x Social aspects.
|2 fast
|0 (OCoLC)fst00887466
|
| 650 |
|
7 |
|a Dance
|x Study and teaching.
|2 fast
|0 (OCoLC)fst00887472
|
| 655 |
|
7 |
|a Criticism, interpretation, etc.
|2 fast
|0 (OCoLC)fst01411635
|
| 655 |
|
7 |
|a Conference papers and proceedings.
|2 fast
|0 (OCoLC)fst01423772
|
| 655 |
|
0 |
|a Electronic journals.
|
| 776 |
0 |
8 |
|i Print version:
|a Congress on Research in Dance. Conference.
|t Conference proceedings
|w (DLC) 2004238872
|w (OCoLC)50000955
|
| 850 |
|
|
|a DLC
|
| 948 |
|
|
|a cataloged
|b h
|c 2019/8/26
|d c
|e spoltoratski
|f 10:34:55 am
|
| 994 |
|
|
|a C0
|b TXA
|
| 999 |
f |
f |
|s dd772c69-c89c-3b6f-bfe1-db8b9db16df6
|i b1150c70-282e-3c06-815e-810221006af3
|t 0
|
| 952 |
f |
f |
|a Texas A&M University
|b College Station
|c Electronic Resources
|d Available Online
|t 0
|e GV1583 .C664
|g Electronic
|h Library of Congress classification
|
| 998 |
f |
f |
|a GV1583 .C664
|t 0
|l Available Online
|